[Event "Asian-ch Seniors 50"]
[Site "Chess.com INT"]
[Date "2020.07.21"]
[Round "9.3"]
[White "Vahidov, Tair"]
[Black "Ibanez, Rudy"]
[Result "1-0"]
[WhiteElo "2467"]
[BlackElo "2153"]
[PlyCount "115"]
[EventDate "2020.07.21"]
[EventType "swiss"]
[EventRounds "9"]
[EventCountry "UAE"]
[SourceTitle "EXT 2024"]
[Source "ChessBase"]
[SourceDate "2023.10.10"]
[SourceVersion "1"]
[SourceVersionDate "2023.10.10"]
[SourceQuality "1"]

1. c4 e5 2. Nc3 Nf6 3. Nf3 Nc6 4. d4 e4 5. Nd2 Bb4 6. e3 0-0 7. Be2 d6 8. 0-0 Bxc3 9. bxc3 Bf5 10. f4 exf3 11. Bxf3 Bd3 12. Re1 Na5 13. e4 c5 14. dxc5 dxc5 15. Nb3 Nxc4 16. e5 Ne8 17. Nxc5 Qb6 18. Qxd3 Qxc5+ 19. Qd4 Qc7 20. Bd5 Rc8 21. Bxc4 Qxc4 22. Qxc4 Rxc4 23. Ba3 Rxc3 24. Bxf8 Kxf8 25. Rac1 Rxc1 26. Rxc1 Ke7 27. Kf2 Kd7 28. Ke3 Nc7 29. Ke4 Ne6 30. h4 g6 31. g4 b6 32. Rf1 Ke7 33. Kd5 Nc5 34. Rf3 Ne6 35. Ra3 a6 36. Kc6 b5 37. Rxa6 Nd4+ 38. Kd5 Nf3 39. h5 Nh2 40. hxg6 hxg6 41. e6 fxe6+ 42. Rxe6+ Kf7 43. Re4 Kf6 44. Kc5 Kg5 45. Kxb5 Nxg4 46. a4 Kf5 47. Rxg4 Kxg4 48. a5 g5 49. a6 Kg3 50. a7 g4 51. a8Q Kh2 52. Qh8+ Kg2 53. Qb2+ Kh3 54. Qh8+ Kg2 55. Kc4 g3 56. Kd3 Kg1 57. Ke2 g2 58. Kf3 1-0

[Event "Asian-ch Seniors 50 zt 3.4"]
[Site "Chess.com INT"]
[Date "2020.07.16"]
[Round "2.3"]
[White "Baimurzin, Aitkazy"]
[Black "Vahidov, Tair"]
[Result "0-1"]
[WhiteElo "2034"]
[BlackElo "2467"]
[PlyCount "114"]
[EventDate "2020.07.16"]
[EventType "swiss"]
[EventRounds "7"]
[EventCountry "UZB"]
[SourceTitle "EXT 2024"]
[Source "ChessBase"]
[SourceDate "2023.10.10"]
[SourceVersion "1"]
[SourceVersionDate "2023.10.10"]
[SourceQuality "1"]

1. Nf3 Nf6 2. c4 g6 3. g3 Bg7 4. Nc3 d5 5. cxd5 Nxd5 6. Bg2 c5 7. 0-0 Nc6 8. d3 0-0 9. Nxd5 Qxd5 10. Be3 Bd7 11. Rc1 Qxa2 12. Bxc5 Qxb2 13. Rb1 Qc3 14. Rxb7 Bc8 15. Rc7 Qxc5 16. Nd2 Qa5 17. Rxc6 Bb7 18. Rc2 Bxg2 19. Kxg2 Qd5+ 20. Kg1 a5 21. Nc4 Rfb8 22. Ra2 Rb4 23. Qc2 Qb5 24. Rc1 Bf6 25. Qd2 a4 26. h4 h5 27. Kg2 Rb3 28. Qe3 Kg7 29. Qe4 Ra6 30. Ne3 a3 31. Qc4 Qb7+ 32. Qd5 Qxd5+ 33. Nxd5 Rb2 34. Rca1 Rxe2 35. Nxf6 Rxa2 36. Nxh5+ gxh5 37. Rxa2 Kf6 38. Kf3 Ke5 39. Ke3 Kd5 40. f3 f5 41. Kf4 e6 42. Kg5 Kd4 43. Kxh5 Kxd3 44. Kg6 Kc3 45. h5 Kb3 46. Ra1 Kb2 47. Rxa3 Kxa3 48. h6 e5+ 49. Kxf5 Rxh6 50. Kxe5 Rh3 51. Kf4 Kb4 52. g4 Kc5 53. g5 Kd6 54. Kg4 Rh1 55. Kf5 Ke7 56. f4 Kf7 57. Ke5 Kg6 0-1

[Event "Asian-ch Seniors 50 zt 3.4"]
[Site "Chess.com INT"]
[Date "2020.07.16"]
[Round "4.1"]
[White "Mukanov, Saltanat"]
[Black "Vahidov, Tair"]
[Result "1/2-1/2"]
[WhiteElo "2233"]
[BlackElo "2467"]
[PlyCount "71"]
[EventDate "2020.07.16"]
[EventType "swiss"]
[EventRounds "7"]
[EventCountry "UZB"]
[SourceTitle "EXT 2024"]
[Source "ChessBase"]
[SourceDate "2023.10.10"]
[SourceVersion "1"]
[SourceVersionDate "2023.10.10"]
[SourceQuality "1"]

1. e4 e5 2. Nf3 Nf6 3. d3 Nc6 4. Be2 d5 5. Nbd2 Be7 6. 0-0 0-0 7. c3 a5 8. Qc2 Re8 9. Re1 Bc5 10. h3 b6 11. Bf1 Ba6 12. exd5 Nxd5 13. Nc4 f6 14. a4 Kh8 15. Bd2 Qd7 16. Rad1 Rad8 17. Bc1 Bb7 18. Nfd2 Bf8 19. Ne4 h6 20. Qe2 f5 21. Ng3 Nf6 22. Qf3 f4 23. Ne4 Nxe4 24. Qxe4 Ba8 25. Qg6 Bc5 26. d4 exd4 27. Bd3 Kg8 28. Bxf4 Rxe1+ 29. Rxe1 Qf7 30. Qh7+ Kf8 31. Bg3 dxc3 32. bxc3 Qg8 33. Qe4 Qf7 34. Qh7 Qg8 35. Qe4 Qf7 36. Qh7 1/2-1/2

[Event "Pattaya op 1st"]
[Site "Pattaya"]
[Date "2019.07.16"]
[Round "9"]
[White "Vahidov, Tair"]
[Black "Rahul, Srivatshav P"]
[Result "1/2-1/2"]
[WhiteElo "2402"]
[BlackElo "2414"]
[PlyCount "60"]
[EventDate "2019.07.09"]
[EventType "swiss"]
[EventRounds "9"]
[EventCountry "THA"]
[SourceTitle "EXT 2020"]
[Source "ChessBase"]
[SourceDate "2019.10.17"]
[SourceVersion "1"]
[SourceVersionDate "2019.10.17"]
[SourceQuality "1"]

1. d4 Nf6 2. Nf3 g6 3. c4 Bg7 4. g3 0-0 5. Bg2 d6 6. 0-0 Nc6 7. Nc3 e5 8. dxe5 dxe5 9. Qxd8 Rxd8 10. Bg5 Be6 11. Nd2 h6 12. Bxf6 Bxf6 13. Nde4 Be7 14. Nd5 Bxd5 15. cxd5 Nb4 16. Nc3 f5 17. a3 Na6 18. d6 Rxd6 19. Bxb7 Rb8 20. Bxa6 Rxa6 21. Nd5 Kf7 22. Rfc1 c6 23. Nxe7 Kxe7 24. b4 Ke6 25. Rc4 Ke7 26. Rcc1 Ke6 27. Rc4 Ke7 28. Rcc1 Ke6 29. Rc4 Ke7 30. Rcc1 Ke6 1/2-1/2

[Event "Pattaya op 1st"]
[Site "Pattaya"]
[Date "2019.07.15"]
[Round "8"]
[White "Vahidov, Tair"]
[Black "Laylo, Darwin"]
[Result "1/2-1/2"]
[WhiteElo "2402"]
[BlackElo "2443"]
[PlyCount "65"]
[EventDate "2019.07.09"]
[EventType "swiss"]
[EventRounds "9"]
[EventCountry "THA"]
[SourceTitle "EXT 2020"]
[Source "ChessBase"]
[SourceDate "2019.10.17"]
[SourceVersion "1"]
[SourceVersionDate "2019.10.17"]
[SourceQuality "1"]

1. d4 Nf6 2. Nf3 d5 3. c4 c6 4. Nc3 g6 5. cxd5 cxd5 6. Bf4 Bg7 7. e3 0-0 8. Be2 Nc6 9. h3 Ne4 10. Rc1 Nxc3 11. Rxc3 f6 12. Rc5 Be6 13. 0-0 Qd7 14. Bb5 Rfc8 15. Qd2 a6 16. Ba4 Bf7 17. Rfc1 e6 18. a3 Bf8 19. Bxc6 bxc6 20. R5c3 Be8 21. Bg3 g5 22. Ne1 h5 23. Nd3 h4 24. Bh2 Bd6 25. Bxd6 Qxd6 26. Rb3 a5 27. Qc3 Rcb8 28. Rxb8 Qxb8 29. b4 axb4 30. axb4 Qb5 31. Nc5 Kf7 32. Qc2 Ke7 33. Qb2 1/2-1/2

[Event "Tashkent zt 3.4"]
[Site "Tashkent"]
[Date "2019.05.27"]
[Round "7"]
[White "Khoroshev, Nikita"]
[Black "Vahidov, Tair"]
[Result "1-0"]
[WhiteElo "2399"]
[BlackElo "2395"]
[PlyCount "79"]
[EventDate "2019.05.22"]
[EventType "swiss"]
[EventRounds "9"]
[EventCountry "UZB"]
[SourceTitle "CBM 190 Extra"]
[Source "ChessBase"]
[SourceDate "2019.07.15"]
[SourceVersion "1"]
[SourceVersionDate "2019.07.15"]
[SourceQuality "1"]

1. d4 Nf6 2. c4 g6 3. Nc3 d5 4. cxd5 Nxd5 5. Na4 Nb6 6. e4 Bg7 7. Be3 0-0 8. Nf3 Nxa4 9. Qxa4 c5 10. Rd1 Bd7 11. Qa3 cxd4 12. Nxd4 Qc8 13. Be2 Nc6 14. Nb5 Rd8 15. 0-0 Be8 16. Rxd8 Qxd8 17. Rd1 Qb8 18. Nc3 Be5 19. g3 Bd6 20. Qb3 e6 21. Qc2 Bf8 22. a3 Bg7 23. f4 Ne7 24. Nb5 Bxb5 25. Bxb5 a6 26. Bd7 b5 27. Qc5 Bf8 28. Qb6 Qxb6 29. Bxb6 Nc8 30. Bc7 Ra7 31. Bb8 Rb7 32. Be5 Nd6 33. Bxe6 fxe6 34. Bxd6 Rd7 35. e5 Bxd6 36. exd6 Kf7 37. Kg2 Kf6 38. Kf3 e5 39. Ke4 exf4 40. Kd5 1-0

[Event "Tashkent zt 3.4"]
[Site "Tashkent"]
[Date "2019.05.25"]
[Round "5"]
[White "Vahidov, Tair"]
[Black "Kazhgaleyev, Murtas"]
[Result "1/2-1/2"]
[WhiteElo "2395"]
[BlackElo "2578"]
[PlyCount "54"]
[EventDate "2019.05.22"]
[EventType "swiss"]
[EventRounds "9"]
[EventCountry "UZB"]
[SourceTitle "CBM 190 Extra"]
[Source "ChessBase"]
[SourceDate "2019.07.15"]
[SourceVersion "1"]
[SourceVersionDate "2019.07.15"]
[SourceQuality "1"]

1. d4 g6 2. Nf3 Bg7 3. g3 c5 4. c3 b6 5. dxc5 bxc5 6. Qd5 Nc6 7. Qxc5 Nf6 8. Bg2 Ba6 9. 0-0 Bxe2 10. Re1 Ba6 11. Nd4 Nxd4 12. cxd4 0-0 13. Nc3 e6 14. d5 Ng4 15. h3 Ne5 16. dxe6 Nd3 17. e7 Nxc5 18. exd8Q Raxd8 19. Bg5 Rb8 20. Be7 Rfc8 21. Bd6 Rxb2 22. Nd5 Bf8 23. Nf6+ Kh8 24. Be5 Rc2 25. Nh5+ Kg8 26. Nf6+ Kh8 27. Nh5+ Kg8 1/2-1/2

[Event "Agzamov Memorial 13th"]
[Site "Tashkent"]
[Date "2019.03.15"]
[Round "6"]
[White "Danielyan, Vahe"]
[Black "Vahidov, Tair"]
[Result "1-0"]
[WhiteElo "2246"]
[BlackElo "2408"]
[PlyCount "57"]
[EventDate "2019.03.12"]
[EventType "swiss"]
[EventRounds "9"]
[EventCountry "UZB"]
[SourceTitle "CBM 189 Extra"]
[Source "ChessBase"]
[SourceDate "2019.06.03"]
[SourceVersion "1"]
[SourceVersionDate "2019.06.03"]
[SourceQuality "1"]

1. e4 e5 2. Nc3 Nf6 3. g3 d5 4. exd5 Nxd5 5. Bg2 Nxc3 6. bxc3 Bc5 7. Nf3 Nc6 8. 0-0 0-0 9. d3 Bg4 10. h3 Bh5 11. g4 Bg6 12. Ng5 Be7 13. Ne4 f5 14. gxf5 Bxf5 15. f4 Qd7 16. Qf3 Rae8 17. Kh1 Kh8 18. Qg3 Bd6 19. Nxd6 cxd6 20. fxe5 dxe5 21. Be3 Rf6 22. Rf2 Rg6 23. Qh4 Be6 24. Raf1 Kg8 25. c4 Nd4 26. Be4 Bxh3 27. Rh2 Nf5 28. Qxh3 Ng3+ 29. Qxg3 1-0

[Event "Astana"]
[Site "Astana"]
[Date "2018.06.25"]
[Round "9"]
[White "Bocharov, Ivan"]
[Black "Vahidov, Tair"]
[Result "1/2-1/2"]
[WhiteElo "2569"]
[BlackElo "2405"]
[PlyCount "55"]
[EventDate "2018.06.17"]
[EventType "tourn"]
[EventRounds "9"]
[EventCountry "KAZ"]
[EventCategory "7"]
[SourceTitle "EXT 2019"]
[Source "ChessBase"]
[SourceDate "2018.10.10"]
[SourceVersion "1"]
[SourceVersionDate "2018.10.10"]
[SourceQuality "1"]

1. e4 e5 2. Nf3 Nf6 3. d4 Nxe4 4. Bd3 d5 5. Nxe5 Nd7 6. Nxd7 Bxd7 7. 0-0 Be7 8. Bxe4 dxe4 9. Nc3 f5 10. f3 0-0 11. Bf4 Bb4 12. Nd5 Ba5 13. fxe4 Bb5 14. Rf2 fxe4 15. Qh5 c6 16. Ne3 Qxd4 17. Rd1 Qxb2 18. c4 Qc3 19. Qg5 h6 20. Qg3 Rxf4 21. Rxf4 Ba4 22. Rd7 Bb6 23. Kf2 Bd4 24. Rff7 Qd2+ 25. Kf1 Qd3+ 26. Kf2 Qd2+ 27. Kf1 Qd3+ 28. Kf2 1/2-1/2

[Event "Astana"]
[Site "Astana"]
[Date "2018.06.19"]
[Round "3"]
[White "Vahidov, Tair"]
[Black "Kassimov, Baurzhan"]
[Result "1/2-1/2"]
[WhiteElo "2405"]
[BlackElo "2386"]
[PlyCount "50"]
[EventDate "2018.06.17"]
[EventType "tourn"]
[EventRounds "9"]
[EventCountry "KAZ"]
[EventCategory "7"]
[SourceTitle "EXT 2019"]
[Source "ChessBase"]
[SourceDate "2018.10.10"]
[SourceVersion "1"]
[SourceVersionDate "2018.10.10"]
[SourceQuality "1"]

1. d4 Nf6 2. c4 b6 3. Nc3 Bb7 4. f3 d5 5. cxd5 Nxd5 6. e4 Nxc3 7. bxc3 e5 8. Be3 Nd7 9. Bc4 exd4 10. cxd4 Bb4+ 11. Kf2 0-0 12. Ne2 c5 13. Bb5 Qh4+ 14. g3 Qe7 15. Bxd7 cxd4 16. Qxd4 Rad8 17. Rhd1 Bc8 18. Nf4 Bc5 19. Qc3 Bxe3+ 20. Kxe3 Rxd7 21. Rxd7 Bxd7 22. Nd5 Qd6 23. Rd1 Qh6+ 24. Nf4 Be6 25. h4 f6 1/2-1/2

[Event "UZB-ch"]
[Site "Tashkent"]
[Date "2018.05.15"]
[Round "13"]
[White "Saydaliev, Saidakbar"]
[Black "Vahidov, Tair"]
[Result "1/2-1/2"]
[WhiteElo "2361"]
[BlackElo "2400"]
[PlyCount "60"]
[EventDate "2018.05.03"]
[EventType "tourn"]
[EventRounds "13"]
[EventCountry "UZB"]
[EventCategory "6"]
[SourceTitle "CBM 184 Extra"]
[Source "ChessBase"]
[SourceDate "2018.06.28"]
[SourceVersion "1"]
[SourceVersionDate "2018.06.28"]
[SourceQuality "1"]

1. d4 Nf6 2. Nf3 g6 3. g3 Bg7 4. Bg2 0-0 5. c4 d6 6. Nc3 c6 7. 0-0 Bf5 8. Ng5 h6 9. e4 Bg4 10. f3 Bc8 11. Nh3 e5 12. Be3 Qb6 13. Na4 Qa6 14. b3 b5 15. dxe5 dxe5 16. Nc5 Qa5 17. Qc1 Kh7 18. Nf2 Na6 19. Rd1 Nxc5 20. Bxc5 Re8 21. Bf1 bxc4 22. Qxc4 Be6 23. Qc2 Nd7 24. Be3 Rac8 25. Rac1 Bf8 26. Bc4 Nc5 27. Bxe6 Nxe6 28. Ng4 Red8 29. a4 h5 30. Nf2 Bh6 1/2-1/2

[Event "UZB-ch"]
[Site "Tashkent"]
[Date "2018.05.08"]
[Round "6"]
[White "Jumanov, Elbek"]
[Black "Vahidov, Tair"]
[Result "0-1"]
[WhiteElo "2283"]
[BlackElo "2400"]
[PlyCount "92"]
[EventDate "2018.05.03"]
[EventType "tourn"]
[EventRounds "13"]
[EventCountry "UZB"]
[EventCategory "6"]
[SourceTitle "CBM 184 Extra"]
[Source "ChessBase"]
[SourceDate "2018.06.28"]
[SourceVersion "1"]
[SourceVersionDate "2018.06.28"]
[SourceQuality "1"]

1. c4 Nf6 2. g3 g6 3. Bg2 c5 4. Nc3 Bg7 5. Nf3 Nc6 6. 0-0 0-0 7. d3 d5 8. cxd5 Nxd5 9. Nxd5 Qxd5 10. Be3 Bd7 11. Nd4 Qd6 12. Nxc6 Bxc6 13. Bxc6 Qxc6 14. Rc1 Qe6 15. b3 b6 16. Rc4 Rfd8 17. Qc2 Rd5 18. Kg2 Rad8 19. h4 Bd4 20. Qd2 Re5 21. Bxd4 Rxe2 22. Qf4 cxd4 23. Rxd4 Rxd4 24. Qxd4 Rxa2 25. Rc1 Ra5 26. Rc7 Qd5+ 27. Qxd5 Rxd5 28. Rxe7 a5 29. Rb7 Rb5 30. d4 Rxb3 31. d5 Kg7 32. g4 h6 33. d6 Kf6 34. g5+ hxg5 35. hxg5+ Ke6 36. Re7+ Kxd6 37. Rxf7 a4 38. Rf6+ Ke5 39. Rxg6 a3 40. Rg8 Kf5 41. f4 Kxf4 42. g6 Kf5 43. g7 Kf6 44. Kf2 Kf7 45. Ra8 Kxg7 46. Ke2 b5 0-1

[Event "UZB-ch"]
[Site "Tashkent"]
[Date "2018.05.07"]
[Round "5"]
[White "Vahidov, Tair"]
[Black "Yakubboev, Nodirbek"]
[Result "0-1"]
[WhiteElo "2400"]
[BlackElo "2493"]
[PlyCount "118"]
[EventDate "2018.05.03"]
[EventType "tourn"]
[EventRounds "13"]
[EventCountry "UZB"]
[EventCategory "6"]
[SourceTitle "CBM 184 Extra"]
[Source "ChessBase"]
[SourceDate "2018.06.28"]
[SourceVersion "1"]
[SourceVersionDate "2018.06.28"]
[SourceQuality "1"]

1. Nf3 d6 2. d4 Bg4 3. e4 Nf6 4. Nbd2 e6 5. c3 c6 6. Bd3 d5 7. exd5 cxd5 8. Qb3 Qc7 9. Ne5 Bh5 10. Bb5+ Nfd7 11. g4 Bg6 12. h4 a6 13. Nxd7 Nxd7 14. h5 axb5 15. hxg6 fxg6 16. Nf3 b4 17. cxb4 Be7 18. Bg5 Qd6 19. Bxe7 Qxe7 20. a3 0-0 21. 0-0-0 Rf4 22. Rh3 Raf8 23. Rg3 Qf6 24. Rd3 Nb6 25. Ne5 Rxf2 26. Rgf3 Rf1+ 27. Rxf1 Qg5+ 28. Kb1 Rxf1+ 29. Ka2 Qc1 30. Qc3 Qb1+ 31. Kb3 Rc1 32. Qd2 Nc4 33. Qe2 Re1 34. Qc2 Qxc2+ 35. Kxc2 Re2+ 36. Kc1 Nxe5 37. dxe5 h5 38. a4 Rxe5 39. a5 Re1+ 40. Kd2 Ra1 41. Ra3 Rxa3 42. bxa3 h4 43. b5 h3 44. a6 bxa6 45. bxa6 h2 46. a7 h1Q 47. a8Q+ Kh7 48. a4 Qg2+ 49. Ke1 Qxg4 50. a5 Qb4+ 51. Ke2 Qc4+ 52. Kf2 Qa2+ 53. Kg3 Qb3+ 54. Kf2 Qc2+ 55. Ke3 Qc1+ 56. Kd4 Qg1+ 57. Ke5 d4 58. Kxe6 Qe1+ 59. Kd7 d3 0-1

[Event "UZB-ch"]
[Site "Tashkent"]
[Date "2018.05.06"]
[Round "4"]
[White "Vokhidov, Shamsiddin"]
[Black "Vahidov, Tair"]
[Result "1/2-1/2"]
[WhiteElo "2414"]
[BlackElo "2400"]
[PlyCount "74"]
[EventDate "2018.05.03"]
[EventType "tourn"]
[EventRounds "13"]
[EventCountry "UZB"]
[EventCategory "6"]
[SourceTitle "CBM 184 Extra"]
[Source "ChessBase"]
[SourceDate "2018.06.28"]
[SourceVersion "1"]
[SourceVersionDate "2018.06.28"]
[SourceQuality "1"]

1. e4 e6 2. d4 d5 3. Nd2 c5 4. Ngf3 cxd4 5. exd5 Qxd5 6. Bc4 Qd6 7. 0-0 Nf6 8. Nb3 Nc6 9. Nbxd4 Nxd4 10. Nxd4 a6 11. Re1 Qc7 12. Bf1 Bd6 13. Nf5 Bxh2+ 14. Kh1 Kf8 15. Qd4 exf5 16. Qxf6 h6 17. Qd4 Bd6 18. Bd2 Qc5 19. Qh4 Be6 20. Rad1 Be7 21. Qg3 Bf6 22. c4 Kg8 23. b4 Qc8 24. Be3 Kh7 25. Bb6 Bxc4 26. Rc1 Qc6 27. Bxc4 Qxb6 28. Bxf7 Rhf8 29. Be6 Bg5 30. f4 Rae8 31. Bxf5+ Rxf5 32. fxg5 Rxe1+ 33. Qxe1 Rxg5 34. Qe4+ Qg6 35. Qxb7 Rh5+ 36. Kg1 Rb5 37. Qc6 Rxb4 1/2-1/2

[Event "UZB-ch"]
[Site "Tashkent"]
[Date "2018.05.04"]
[Round "2"]
[White "Abdusattorov, Nodirbek"]
[Black "Vahidov, Tair"]
[Result "1/2-1/2"]
[WhiteElo "2550"]
[BlackElo "2400"]
[PlyCount "69"]
[EventDate "2018.05.03"]
[EventType "tourn"]
[EventRounds "13"]
[EventCountry "UZB"]
[EventCategory "6"]
[SourceTitle "CBM 184 Extra"]
[Source "ChessBase"]
[SourceDate "2018.06.28"]
[SourceVersion "1"]
[SourceVersionDate "2018.06.28"]
[SourceQuality "1"]

1. d4 Nf6 2. c4 c5 3. Nf3 cxd4 4. Nxd4 g6 5. Nc3 d5 6. Bg5 dxc4 7. e3 Bg7 8. Bxc4 0-0 9. 0-0 Bd7 10. Qe2 Nc6 11. Rfd1 Qc8 12. e4 Re8 13. Nxc6 Bxc6 14. h3 Nxe4 15. Nxe4 Qf5 16. Re1 Bxe4 17. Qxe4 Qxg5 18. Qxb7 e6 19. Rab1 Bd4 20. Qf3 Rad8 21. b4 Rc8 22. Bb3 Rc3 23. Qe4 Rd8 24. Rbd1 Bb6 25. Rxd8+ Qxd8 26. Rd1 Qf6 27. Qe2 Qf4 28. b5 Rxh3 29. gxh3 Qg3+ 30. Kh1 Qxh3+ 31. Kg1 Qg3+ 32. Kf1 Qh3+ 33. Kg1 Bc7 34. Qe3 Bb6 35. Qe2 1/2-1/2